ბათუმის შოთა რუსთაველის სახელმწიფო უნივერსიტეტის ბიბლიოთეკა

Пирамиды и мастабы / (ბიბ.ჩანაწერი № 60823)

000 -LEADER
fixed length control field 00792nam a22001697a 4500
005 - DATE AND TIME OF LATEST TRANSACTION
control field 20231025144540.0
008 - FIXED-LENGTH DATA ELEMENTS--GENERAL INFORMATION
fixed length control field 231025s1973 ru ||||| |||| 00| 0 rus d
041 ## - LANGUAGE CODE
Language code of text/sound track or separate title rus
080 ## - UNIVERSAL DECIMAL CLASSIFICATION NUMBER
Universal Decimal Classification number 726.853(620)(084.1) M-69
245 ## - TITLE STATEMENT
Title Пирамиды и мастабы /
Statement of responsibility, etc. Текст и редакция: Казимеж Михаловский; фотограф: Анджей Дзевановский.
264 ## - PRODUCTION, PUBLICATION, DISTRIBUTION, MANUFACTURE, AND COPYRIGHT NOTICE
Place of production, publication, distribution, manufacture Варшава,
Name of producer, publisher, distributor, manufacturer «Аркады»,
Date of production, publication, distribution, manufacture, or copyright notice 1973.
300 ## - PHYSICAL DESCRIPTION
Extent 84 стр.:
Other physical details ил.;
Dimensions 29 см.
653 ## - INDEX TERM--UNCONTROLLED
keyword პირამიდები და მასტაბა
700 ## - ADDED ENTRY--PERSONAL NAME
Personal name Михаловский, Казимеж
Relator term ტექსტის ავტორი
9 (RLIN) 20243
700 ## - ADDED ENTRY--PERSONAL NAME
Personal name Дзевановский, Анджей
Relator term ფოტოგრაფი
9 (RLIN) 20244
942 ## - ADDED ENTRY ELEMENTS (KOHA)
Source of classification or shelving scheme
Koha item type წიგნი
ეგზემპლარები
Withdrawn status Lost status Source of classification or shelving scheme Damaged status Not for loan Permanent Location Current Location Date acquired Cost, normal purchase price Full call number Barcode Date last seen Copy number Uniform Resource Identifier Price effective from Koha item type Public note
          ბათუმის შოთა რუსთაველის სახელმწიფო უნივერსიტეტის მთავარი ბიბლიოთეკა ბათუმის შოთა რუსთაველის სახელმწიფო უნივერსიტეტის მთავარი ბიბლიოთეკა 2023-10-25 15.00 726.853(620)(084.1) M-69 65395 2023-10-25 65395 ბსუ-ს საპატიო დოქტორის გურამ ლორთქიფანიძის საჩუქარი 2023-10-25 წიგნი 15 ლ.